Pays du monde par ordre alphabétique - Statistiques

Statistiques générales
  • Ce quiz a été pris 169 fois
    74 depuis la dernière actualisation
  • Le résultat moyen est 91 sur 196
Statistiques - réponses
LETTRE CONTINENT PAYS % Correct
A Asie Afghanistan
92%
A Europe Albanie
89%
A Europe Allemagne
89%
A Afrique Afrique du Sud
86%
A Europe Andorre
84%
A Afrique Algérie
81%
A Afrique Angola
81%
A Amérique Antigua-et-Barbuda
81%
A Amérique Argentine
76%
A Asie Azerbaïdjan
76%
A Océanie Australie
73%
A Europe Autriche
70%
B Amérique Bahamas
70%
B Amérique Barbade
70%
B Afrique Bénin
70%
A Asie Arménie
68%
B Asie Bahreïn
68%
B Asie Bangladesh
68%
B Europe Belgique
68%
B Amérique Bélize
68%
A Asie Arabie Saoudite
65%
B Asie Bhoutan
65%
B Europe Biélorussie
62%
B Afrique Botswana
62%
B Amérique Bolivie
59%
B Europe Bosnie-Herzégovine
57%
B Amérique Brésil
57%
B Afrique Burundi
57%
C Asie Cambodge
57%
C Amérique Canada
57%
C Asie Corée du Nord
57%
C Asie Corée du Sud
57%
D Europe Danemark
57%
D Afrique Djibouti
57%
D Amérique Dominique
57%
B Europe Bulgarie
54%
C Amérique Chili
54%
C Asie Chine
54%
E Europe Estonie
54%
E Afrique Eswatini
54%
F Océanie Fidji
54%
F Europe Finlande
54%
F Europe France
54%
G Afrique Gabon
54%
H Amérique Haïti
54%
H Amérique Honduras
54%
H Europe Hongrie
54%
I Asie Inde
54%
I Asie Indonésie
54%
I Europe Irlande
54%
I Europe Islande
54%
I Europe Italie
54%
J Amérique Jamaïque
54%
K Asie Kazakhstan
54%
K Afrique Kenya
54%
C Afrique Cameroun
51%
E Afrique Egypte
51%
E Amérique Equateur
51%
E Europe Espagne
51%
G Afrique Gambie
51%
G Afrique Guinée
51%
G Afrique Guinée-Bissau
51%
G Afrique Guinée-équatoriale
51%
G Amérique Guyana
51%
I Asie Irak
51%
I Asie Iran
51%
J Asie Japon
51%
J Asie Jordanie
51%
K Asie Kirghizistan
51%
K Océanie Kiribati
51%
K Europe Kosovo
51%
K Asie Koweït
51%
N Océanie Nouvelle-Zélande
51%
O Afrique Ouganda
51%
O Asie Ouzbékistan
51%
V Amérique Vénézuéla
51%
Y Asie Yémen
51%
Z Afrique Zambie
51%
Z Afrique Zimbabwe
51%
B Asie Brunei
49%
B Afrique Burkina Faso
49%
C Afrique Cap-Vert
49%
C Amérique Colombie
49%
C Afrique Comores
49%
C Amérique Costa Rica
49%
G Asie Géorgie
49%
G Amérique Grenade
49%
G Amérique Guatemala
49%
I Asie Israël
49%
N Océanie Nauru
49%
O Asie Oman
49%
P Europe Portugal
49%
Q Asie Qatar
49%
V Europe Vatican
49%
C Europe Croatie
46%
E Asie Emirats Arabes Unis
46%
G Europe Grèce
46%
L Asie Laos
46%
L Europe Lettonie
46%
P Amérique Paraguay
46%
U Amérique Uruguay
46%
V Océanie Vanuatu
46%
V Asie Viêt Nam
46%
C Asie Chypre
43%
C Amérique Cuba
43%
E Afrique Erythrée
43%
E Amérique Etats-Unis
43%
G Afrique Ghana
43%
L Afrique Lesotho
43%
L Europe Luxembourg
43%
M Afrique Malawi
43%
M Afrique Mozambique
43%
P Amérique Panama
43%
P Europe Pologne
43%
U Europe Ukraine
43%
M Océanie Îles Marshall
41%
L Asie Liban
41%
L Afrique Libye
41%
L Europe Lituanie
41%
M Europe Macédoine du Nord
41%
M Europe Malte
41%
M Europe Monaco
41%
M Asie Mongolie
41%
M Europe Monténégro
41%
N Afrique Namibie
41%
P Asie Pakistan
41%
P Océanie Palaos
41%
R Afrique Rwanda
41%
T Océanie Tuvalu
41%
L Afrique Libéria
38%
L Europe Liechtenstein
38%
M Afrique Mali
38%
M Afrique Mauritanie
38%
N Amérique Nicaragua
38%
N Afrique Niger
38%
N Afrique Nigéria
38%
N Europe Norvège
38%
P Océanie Papouasie-Nouvelle-Guinée
38%
P Amérique Pérou
38%
R Afrique République Démocratique du Congo
38%
M Afrique Madagascar
35%
M Asie Malaisie
35%
M Europe Moldavie
35%
N Asie Népal
35%
P Asie Philippines
35%
R Afrique République Centrafricaine
35%
R Afrique République du Congo
35%
S Amérique Saint-Christophe-et-Niévès
35%
S Amérique Sainte-Lucie
35%
S Europe Saint-Marin
35%
S Océanie Salomon
35%
S Amérique Salvador
35%
S Océanie Samoa
35%
T Asie Tadjikistan
35%
T Afrique Togo
35%
T Océanie Tonga
35%
C Afrique Côte d'Ivoire
32%
E Afrique Ethiopie
32%
M Afrique Maroc
32%
M Afrique Maurice
32%
M Amérique Mexique
32%
M Océanie Micronésie
32%
R Amérique République Dominicaine
32%
R Europe Roumanie
32%
R Europe Royaume-Uni
32%
R Europe Russie
32%
S Amérique Saint-Vincent-et-les-Grenadines
32%
S Afrique Sénégal
32%
S Europe Serbie
32%
S Europe Suède
32%
T Afrique Tunisie
32%
T Asie Turkménistan
32%
M Asie Maldives
30%
R Europe République Tchèque
30%
S Afrique Sao Tomé-et-Principe
30%
S Afrique Seychelles
30%
S Europe Slovaquie
30%
S Europe Slovénie
30%
T Asie Taïwan
30%
T Afrique Tanzanie
30%
T Amérique Trinité-et-Tobago
30%
T Europe Turquie
30%
M Asie Myanmar
27%
P Europe Pays-Bas
27%
S Afrique Soudan
27%
S Afrique Soudan du Sud
27%
S Europe Suisse
27%
S Amérique Suriname
27%
T Asie Thaïlande
27%
S Asie Singapour
24%
S Afrique Somalie
24%
T Asie Timor oriental
24%
S Asie Syrie
22%
S Afrique Sierra Leone
19%
S Asie Sri Lanka
19%
T Afrique Tchad
19%
Aucun quiz correspondant
Distribution des résultats
% des personnes avec chaque résultat
Percentile par nombre de réponses
Votre historique - résultats
Vous n’avez pas pris ce quiz depuis la dernière actualisation